Catholic University of Zimbabwe Library
Online Public Access Catalogue
(OPAC)

A Latin Lover in Ancient Rome (Record no. 24434)

MARC details
000 -LEADER
fixed length control field 01923cam a22004814a 4500
001 - CONTROL NUMBER
control field muse33602
003 - CONTROL NUMBER IDENTIFIER
control field MdBmJHUP
005 - DATE AND TIME OF LATEST TRANSACTION
control field 20210127151043.0
006 - FIXED-LENGTH DATA ELEMENTS--ADDITIONAL MATERIAL CHARACTERISTICS
fixed length control field m o d
007 - PHYSICAL DESCRIPTION FIXED FIELD--GENERAL INFORMATION
fixed length control field cr||||||||nn|n
008 - FIXED-LENGTH DATA ELEMENTS--GENERAL INFORMATION
fixed length control field 080728s2009 ohu o 00 0 eng d
010 ## - LIBRARY OF CONGRESS CONTROL NUMBER
Canceled/invalid LC control number 2008030949
020 ## - INTERNATIONAL STANDARD BOOK NUMBER
International Standard Book Number 9780814271582
020 ## - INTERNATIONAL STANDARD BOOK NUMBER
International Standard Book Number 0814271588
020 ## - INTERNATIONAL STANDARD BOOK NUMBER
Canceled/invalid ISBN 9780814203996 (cloth : alk. paper)
020 ## - INTERNATIONAL STANDARD BOOK NUMBER
Canceled/invalid ISBN 081420399X (cloth : alk. paper)
035 ## - SYSTEM CONTROL NUMBER
System control number (OCoLC)695397341
040 ## - CATALOGING SOURCE
Original cataloging agency MdBmJHUP
Transcribing agency MdBmJHUP
050 04 - LIBRARY OF CONGRESS CALL NUMBER
Classification number PA6059.E6
Item number J64 2009
082 0# - DEWEY DECIMAL CLASSIFICATION NUMBER
Classification number 874/.01
Edition number 22
100 1# - MAIN ENTRY--PERSONAL NAME
Personal name Johnson, W. R.
Fuller form of name (Walter Ralph),
Dates associated with a name 1933-
245 12 - TITLE STATEMENT
Title A Latin Lover in Ancient Rome
Remainder of title Readings in Propertius and his Genre /
Statement of responsibility, etc. W.R. Johnson.
264 #1 - PRODUCTION, PUBLICATION, DISTRIBUTION, MANUFACTURE, AND COPYRIGHT NOTICE
Name of producer, publisher, distributor, manufacturer Ohio State University Press,
264 #3 - PRODUCTION, PUBLICATION, DISTRIBUTION, MANUFACTURE, AND COPYRIGHT NOTICE
Name of producer, publisher, distributor, manufacturer Project MUSE,
300 ## - PHYSICAL DESCRIPTION
Extent 1 online resource (xiii, 165 p.)
504 ## - BIBLIOGRAPHY, ETC. NOTE
Bibliography, etc. note Includes bibliographical references (p. 149-154) and indexes.
505 0# - FORMATTED CONTENTS NOTE
Formatted contents note The d/evolution of love -- Aeneas in love -- Two portraits of the lady -- Propertius and the poetics of disgregation -- Whatever happened to Latin love elegy?
506 0# - RESTRICTIONS ON ACCESS NOTE
Terms governing access Open Access
Standardized terminology for access restriction Unrestricted online access
Source of term star
588 ## - SOURCE OF DESCRIPTION NOTE
Source of description note Description based on print version record.
650 #0 - SUBJECT ADDED ENTRY--TOPICAL TERM
Topical term or geographic name entry element Elegiac poetry, Latin
General subdivision History and criticism.
650 #0 - SUBJECT ADDED ENTRY--TOPICAL TERM
Topical term or geographic name entry element Love poetry, Latin
General subdivision History and criticism.
600 11 - SUBJECT ADDED ENTRY--PERSONAL NAME
Personal name Propertius, Sextus
General subdivision Criticism and interpretation.
655 #7 - INDEX TERM--GENRE/FORM
Genre/form data or focus term Electronic books.
Source of term local
710 2# - ADDED ENTRY--CORPORATE NAME
Corporate name or jurisdiction name as entry element Project Muse.
Relator term distributor
830 #0 - SERIES ADDED ENTRY--UNIFORM TITLE
Uniform title Book collections on Project MUSE.
856 40 - ELECTRONIC LOCATION AND ACCESS
Public note Full text available:
Uniform Resource Identifier <a href="https://muse.jhu.edu/book/27801/">https://muse.jhu.edu/book/27801/</a>
945 ## - LOCAL PROCESSING INFORMATION (OCLC)
a Project MUSE - Archive Literature Supplement III
945 ## - LOCAL PROCESSING INFORMATION (OCLC)
a Project MUSE - Archive Complete Supplement III
Holdings
Withdrawn status Lost status Source of classification or shelving scheme Damaged status Not for loan Home library Current library Shelving location Date acquired Total Checkouts Full call number Date last seen Uniform Resource Identifier Price effective from Koha item type
          Digital Library Digital Library Online Access 27.01.2021   PA6059.E6 J64 2009 27.01.2021 https://muse.jhu.edu/book/27801/ 27.01.2021 eBook

OPENING HOURS

Weekdays: 0815hrs - 1800hrs
Weekends:0900hrs - 1200hrs

Closed for Mass:

Mon, Thur: 1200hrs - 1300hrs
Sunday & Public Holiday’s

CALL SUPPORT

0242-570570, 0242-570169
09200664, +263 8644140602

LOCATION

18443, Cranborne Avenue, Hatfield, Harare

Other Links


©2021 | CUZ Library